000 00491nam a22001817a 4500
001 114574
003 DR-UNIBE
005 20260413112316.0
008 260413b2001 sp ||||| |||| 00| 0 spa d
040 _aBIBLIOTECA UNIBE
_cBIBLIOTECA UNIBE
_erda
_bspa
041 _aspa
082 _aF 5815
245 1 0 _aEstatuto del juez iberoamericano
260 _aMadrid :
_bConsejo General del Poder Judicial,
_c2002
300 _a14 páginas
650 7 _2lemb
_aJueces
_9204181
942 _2ddc
_cMX
999 _c114574
_d114574